La inversión de capitales extranjeros en el sistema centro - periferia /

保存先:
書誌詳細
第一著者: Pinto, Anibal
その他の著者: Kñakal, Jan
フォーマット: テキスト
出版事項: s.l.: s.e.
タグ: タグ追加
タグなし, このレコードへの初めてのタグを付けませんか!

MARC

LEADER 00000 a a2200000 04500
001 23176
003
040
090 |a 160100  
100 |a Pinto, Anibal  
245 |a La inversión de capitales extranjeros en el sistema centro - periferia /  |c Anibal Pinto 
260 |a s.l.:   |b s.e.  
300 |a 13 p.  
700 |a Kñakal, Jan  
999 |c 2455  |d 2455